| 000 | 00450nam a22001697a 4500 | ||
|---|---|---|---|
| 005 | 20250327104626.0 | ||
| 008 | 250327b |||||||| |||| 00| 0 eng d | ||
| 020 | _a9781944660512 | ||
| 041 | _aeng | ||
| 082 | _a574.0182 CHE | ||
| 100 | _aChen, Mu-Fa | ||
| 245 | _aIntroduction To Stochastic Processes | ||
| 260 |
_aSingapore _bWorld Scientific _c2023 |
||
| 300 | _a230;. P. 23 cm | ||
| 650 | _aBiomathematics; Stochastic Processes | ||
| 942 | _cBK | ||
| 999 |
_c43431 _d43431 |
||